Beginning Java Objects: From Concepts to Code (Record no. 1604)

MARC details
000 -LEADER
Fixed length control field 00505nam a2200181 4500
003 - CONTROL NUMBER IDENTIFIER
Control field SEACOMEC
005 - DATE AND TIME OF LATEST TRANSACTION
Control field 20240819132554.0
008 - FIXED-LENGTH DATA ELEMENTS--GENERAL INFORMATION
Fixed length control field 240819b |||||||| |||| 00| 0 eng d
020 ## - INTERNATIONAL STANDARD BOOK NUMBER / ISBN
International Standard Book Number 978-1590591468
Price 599.00
040 ## - CATALOGING SOURCE
Original cataloging agency SEACOMEC
082 ## - DEWEY DECIMAL CLASSIFICATION NUMBER
Classification number 005.133
Book Number B255
100 ## - MAIN ENTRY--PERSONAL NAME
Personal name Barker, Jacquie
245 ## - TITLE STATEMENT
Title Beginning Java Objects: From Concepts to Code
Statement of responsibility Jacquie Barker
250 ## - EDITION STATEMENT
Edition statement 2nd ed
260 ## - IMPRINT
Place of publication New Delhi
Name of publisher Springer
Date of publication 2005
650 ## - SUBJECT ADDED ENTRY--TOPICAL TERM
Topical term Computer Programming languages - JAVA
942 ## - ADDED ENTRY ELEMENTS (KOHA)
Koha item type Books
Holdings
Withdrawn status Lost status Source of classification Damaged status Not for loan Home library Current library Date acquired Total Checkouts Call number Accession number Date last seen Price effective from Koha item type Copy number
    Dewey Decimal Classification     SEACOM ENGINEERING COLLEGE SEACOM ENGINEERING COLLEGE 29/05/2007   005.133 B255 6827 19/08/2024 19/08/2024 Books  
    Dewey Decimal Classification     SEACOM ENGINEERING COLLEGE SEACOM ENGINEERING COLLEGE 29/05/2007   005.133 B255 6828 19/08/2024 19/08/2024 Books 1
    Dewey Decimal Classification     SEACOM ENGINEERING COLLEGE SEACOM ENGINEERING COLLEGE 29/05/2007   005.133 B255 6829 19/08/2024 19/08/2024 Books 2
© Seacom Engineering College, All rights reserved.      Powered by Koha